| 000 | 00762akm a2200241 4500 | ||
|---|---|---|---|
| 008 | 170203s2017 cat | ||
| 041 | _acat | ||
| 080 | _a342.7(038) | ||
| 110 |
_aTERMCAT _960609 |
||
| 245 |
_aDeclaració Universal dels Drets Humans _h[cartell] _cTERMCAT, Centre de Terminologia |
||
| 260 |
_aBarcelona _bTERMCAT, Centre de Terminologia _c2017 |
||
| 300 |
_a1 cartell _bil. |
||
| 500 | _btermcat | ||
| 592 | _aObra especialitzada | ||
| 593 | _aMBD | ||
| 594 | _a9885 | ||
| 650 |
_adrets humans _961921 |
||
| 856 | _uhttps://www.termcat.cat/ca/recursos/productes-multimedia/declaracio-universal-dels-drets-humans | ||
| 901 | _ccop. <2017> | ||
| 902 | _a170203 | ||
| 942 |
_cMO _n0 _2ddc |
||
| 999 |
_c67048 _d67048 |
||